000 00877namaa22002051 4500
001 174362
003 ES-MaACL
005 20250907063130.0
008 100407s1932 sp r |||| | spa d
100 1 _aCabrera, Ángel,
_d1879-1960
_933276
245 1 4 _aLos mamíferos de Marruecos /
_cpor Ángel Cabrera.
260 _aMadrid :
_bJunta para Ampliación de Estudios e Investigaciones Científicas,
_c1932.
300 _a361 p., XII h. de lám. :
_bil. col. ;
_c23 cm.
490 1 _aTrabajos del Museo Nacional de Ciencias Naturales. Serie zoológica ;
_v57
650 4 _aMamíferos-
_zMarruecos.
_9142467
710 2 _aJunta para la Ampliación de Estudios e Investigaciones Científicas.
_95413
830 0 0 _aTrabajos del Museo Nacional de Ciencias Naturales.
_pSerie zoológica
_v57
_9189348
852 _aES-MaACL
_jB-13156
_z.- Rúst.
999 _c174362
_d174362